| 000 | 01092nam0a2200289 4500 | ||
|---|---|---|---|
| 001 | RU\NLR\bibl\1404852 | ||
| 005 | 20260406160553.0 | ||
| 010 |
_a978-5-395-00424-6 _95000 |
||
| 021 |
_aRU _b2009-49735 _93051 |
||
| 035 | _a(NLR Aleph) 001396851 | ||
| 090 |
_a1197465 _c1197465 |
||
| 100 | _a20090827d2009 |||y0rusy50 ca | ||
| 101 | 1 |
_arus _ceng |
|
| 102 | _aRU | ||
| 105 | _ay ||||||||| | ||
| 200 | 1 |
_aДон-Жуан _eпоэма _fДжордж Гордон Байрон _g[пер. с англ. Татьяны Гнедич] |
|
| 210 |
_aСанкт-Петербург _cАзбука-классика _d2009 |
||
| 215 |
_a572, [2] с. _d18 |
||
| 225 | 1 | _aАзбука-классика | |
| 686 | _aШ6(4Вл)57-5я44{Лх1296.1-175} | ||
| 700 | 1 |
_4070 _7ca _8rus _aБайрон _bД. Г. _f1788-1824 _gДжордж Гордон _9118209 _3RU\NLR\auth\778298 |
|
| 702 | 1 |
_4730 _aГнедич _bТ. Г. _f1907-1976 _gТатьяна Григорьевна _957982 _3RU\NLR\auth\7775054 |
|
| 801 | 0 |
_aRU _bNLR _c20090827 _gRCR |
|
| 801 | 1 |
_aRU _bNLR _c20090827 |
|
| 942 | _cBOOK | ||
| 980 | _aNB | ||